Cuestiones vinculadas con el análisis e interpretación de la información contable ajustada por inflación (Registro nro. 12767)

Detalles MARC
000 -LEADER
fixed length control field 00516 a2200157 4500
001 - CONTROL NUMBER
control field ART_56557
005 - DATE AND TIME OF LATEST TRANSACTION
control field 20260410161635.0
008 - FIXED-LENGTH DATA ELEMENTS--GENERAL INFORMATION
fixed length control field 260409a
100 1# - MAIN ENTRY--PERSONAL NAME
Personal name Rondi, Gustavo R.
245 10 - TITLE STATEMENT
Title Cuestiones vinculadas con el análisis e interpretación de la información contable ajustada por inflación
700 1# - ADDED ENTRY--PERSONAL NAME
Personal name Casal, María del Carmen
700 1# - ADDED ENTRY--PERSONAL NAME
Personal name Galante, Marcelo J.
700 1# - ADDED ENTRY--PERSONAL NAME
Personal name Gómez, Melisa
700 1# - ADDED ENTRY--PERSONAL NAME
Personal name Giai Levra, Valeria
773 0# - HOST ITEM ENTRY
Title Enfoques
Related parts - N° 7 (jul. 2022)
Record control number REV416

No hay ítems disponibles.